[Event "Team Championship (men blitz)"]
[Site "Sochi"]
[Date "2017.10.05"]
[Round "10.14"]
[White "Rozum, Ivan"]
[Black "Oganian, Miran"]
[Result "1-0"]
[LiveChessVersion "1.4.8"]
[BlackElo "2496"]
[WhiteElo "2553"]

1. c4 {[%clk 0:03:03]} Nf6 {[%clk 0:03:04]} 2. g3 {[%clk 0:03:03]} e6
{[%clk 0:03:05]} 3. Bg2 {[%clk 0:03:04]} d5 {[%clk 0:03:06]} 4. Nf3
{[%clk 0:03:04]} c6 {[%clk 0:03:06]} 5. b3 {[%clk 0:03:04]} Be7 {[%clk 0:03:05]}
6. Bb2 {[%clk 0:03:05]} O-O {[%clk 0:03:06]} 7. O-O {[%clk 0:03:05]} a5
{[%clk 0:03:07]} 8. d3 {[%clk 0:03:04]} Nbd7 {[%clk 0:03:06]} 9. a3
{[%clk 0:03:03]} b5 {[%clk 0:03:05]} 10. Qc2 {[%clk 0:03:01]} Bb7
{[%clk 0:03:01]} 11. e4 {[%clk 0:02:59]} bxc4 {[%clk 0:02:56]} 12. bxc4
{[%clk 0:03:00]} dxe4 {[%clk 0:02:46]} 13. dxe4 {[%clk 0:03:01]} Nc5
{[%clk 0:02:45]} 14. e5 {[%clk 0:03:00]} Nfd7 {[%clk 0:02:36]} 15. Nc3
{[%clk 0:02:58]} Qc7 {[%clk 0:02:31]} 16. Ne2 {[%clk 0:02:51]} Rfd8
{[%clk 0:02:28]} 17. h4 {[%clk 0:02:53]} a4 {[%clk 0:02:28]} 18. Nf4
{[%clk 0:02:49]} Nf8 {[%clk 0:02:28]} 19. Rad1 {[%clk 0:02:30]} Rxd1
{[%clk 0:02:24]} 20. Rxd1 {[%clk 0:02:31]} Rd8 {[%clk 0:02:24]} 21. Rxd8
{[%clk 0:02:25]} Qxd8 {[%clk 0:02:25]} 22. Nd4 {[%clk 0:02:23]} Qc7
{[%clk 0:02:17]} 23. Bc3 {[%clk 0:02:10]} Qb6 {[%clk 0:02:05]} 24. Bb4
{[%clk 0:02:06]} Qc7 {[%clk 0:01:53]} 25. Nf3 {[%clk 0:01:56]} Nb3
{[%clk 0:01:49]} 26. Bxe7 {[%clk 0:01:48]} Qxe7 {[%clk 0:01:50]} 27. Qb2
{[%clk 0:01:49]} c5 {[%clk 0:01:44]} 28. Ng5 {[%clk 0:01:45]} Bxg2
{[%clk 0:01:40]} 29. Kxg2 {[%clk 0:01:46]} h6 {[%clk 0:01:33]} 30. Ne4
{[%clk 0:01:44]} Qd7 {[%clk 0:01:19]} 31. Qc2 {[%clk 0:01:40]} Qd4
{[%clk 0:01:16]} 32. Ne2 {[%clk 0:01:13]} Qxe5 {[%clk 0:01:12]} 33. N4c3
{[%clk 0:01:14]} Qd6 {[%clk 0:00:58]} 34. f3 {[%clk 0:01:04]} Qc6
{[%clk 0:00:50]} 35. Nf4 {[%clk 0:00:43]} Qxf3+ {[%clk 0:00:37]} 36. Kxf3
{[%clk 0:00:42]} Nd4+ {[%clk 0:00:39]} 37. Ke3 {[%clk 0:00:31]} Nxc2+
{[%clk 0:00:39]} 38. Kd3 {[%clk 0:00:32]} Nxa3 {[%clk 0:00:33]} 39. Nxa4 Nd7 40.
Kc3 {[%clk 0:00:20]} Ne5 {[%clk 0:00:21]} 41. Nb2 {[%clk 0:00:20]} Nf3
{[%clk 0:00:13]} 42. Nfd3 {[%clk 0:00:12]} Nb1+ {[%clk 0:00:08]} 43. Kc2
{[%clk 0:00:12]} Nbd2 {[%clk 0:00:09]} 44. Nxc5 {[%clk 0:00:12]} e5
{[%clk 0:00:08]} 45. Kd3 {[%clk 0:00:13]} Nf1 {[%clk 0:00:06]} 46. Ke2
{[%clk 0:00:13]} N3h2 {[%clk 0:00:06]} 47. Kf2 {[%clk 0:00:13]} f5
{[%clk 0:00:07]} 48. Nd7 {[%clk 0:00:12]} e4 {[%clk 0:00:05]} 49. c5
{[%clk 0:00:14]} Kf7 {[%clk 0:00:06]} 50. Nc4 {[%clk 0:00:12]} Ke6
{[%clk 0:00:06]} 51. Ndb6 {[%clk 0:00:13]} g5 {[%clk 0:00:05]} 52. hxg5
{[%clk 0:00:13]} hxg5 {[%clk 0:00:07]} 53. c6 {[%clk 0:00:14]} f4
{[%clk 0:00:08]} 54. gxf4 {[%clk 0:00:15]} gxf4 {[%clk 0:00:09]} 55. c7
{[%clk 0:00:16]} e3+ {[%clk 0:00:11]} 56. Ke1 {[%clk 0:00:15]} Ng3
{[%clk 0:00:04]} 57. c8=Q+ {[%clk 0:00:16]} Kf6 {[%clk 0:00:05]} 58. Qf8+
{[%clk 0:00:15]} Kg5 {[%clk 0:00:06]} 59. Ne5 {[%clk 0:00:14]} Ne4
{[%clk 0:00:03]} 60. Nd5 {[%clk 0:00:13]} f3 61. Nxf3+ 1-0

[Event "Team Championship (men blitz)"]
[Site "Sochi"]
[Date "2017.10.05"]
[Round "10.15"]
[White "Vastrukhin, Oleg"]
[Black "Moiseenko, Vadim"]
[Result "0-1"]
[LiveChessVersion "1.4.8"]
[BlackElo "2497"]
[WhiteElo "2424"]

1. Nf3 {[%clk 0:03:03]} Nf6 {[%clk 0:03:04]} 2. g3 {[%clk 0:03:04]} b6
{[%clk 0:03:05]} 3. Bg2 {[%clk 0:03:05]} Bb7 {[%clk 0:03:06]} 4. O-O
{[%clk 0:03:06]} d5 {[%clk 0:03:07]} 5. d3 {[%clk 0:03:07]} e6 {[%clk 0:03:08]}
6. Nbd2 {[%clk 0:03:08]} Be7 {[%clk 0:03:03]} 7. e4 {[%clk 0:03:09]} dxe4
{[%clk 0:03:04]} 8. Ng5 {[%clk 0:03:10]} Nbd7 {[%clk 0:02:58]} 9. Ngxe4
{[%clk 0:03:11]} Nxe4 {[%clk 0:02:58]} 10. Nxe4 {[%clk 0:03:11]} O-O
{[%clk 0:02:47]} 11. a4 {[%clk 0:03:11]} a5 {[%clk 0:02:44]} 12. b3
{[%clk 0:03:11]} Rb8 {[%clk 0:02:34]} 13. Bb2 {[%clk 0:03:10]} Bxe4
{[%clk 0:02:33]} 14. Bxe4 {[%clk 0:03:07]} Bf6 {[%clk 0:02:34]} 15. Qc1
{[%clk 0:02:14]} Bxb2 {[%clk 0:02:27]} 16. Qxb2 {[%clk 0:02:15]} Qf6
{[%clk 0:02:28]} 17. Qxf6 {[%clk 0:02:02]} Nxf6 {[%clk 0:02:29]} 18. Rfe1
{[%clk 0:02:02]} c5 {[%clk 0:02:29]} 19. f4 {[%clk 0:01:54]} g6 {[%clk 0:02:30]}
20. h3 {[%clk 0:01:53]} h5 {[%clk 0:02:29]} 21. Kf2 {[%clk 0:01:54]} Kg7
{[%clk 0:02:31]} 22. Bf3 {[%clk 0:01:54]} Rbd8 {[%clk 0:02:27]} 23. Re5
{[%clk 0:01:51]} Rd4 {[%clk 0:02:27]} 24. h4 {[%clk 0:01:41]} Rfd8
{[%clk 0:02:24]} 25. Rae1 {[%clk 0:01:38]} R4d6 {[%clk 0:02:19]} 26. R5e2
{[%clk 0:01:37]} Ng8 {[%clk 0:02:12]} 27. Ke3 {[%clk 0:01:34]} Ne7
{[%clk 0:02:13]} 28. Be4 {[%clk 0:01:36]} Rd4 {[%clk 0:02:08]} 29. Kd2
{[%clk 0:01:33]} Nc8 {[%clk 0:02:00]} 30. c3 {[%clk 0:01:20]} R4d7
{[%clk 0:01:57]} 31. Kc2 {[%clk 0:01:19]} Nd6 {[%clk 0:01:55]} 32. Rd2
{[%clk 0:01:08]} Kf6 {[%clk 0:01:50]} 33. Ree2 {[%clk 0:00:57]} Nc8
{[%clk 0:01:45]} 34. Bc6 {[%clk 0:00:55]} Rd6 {[%clk 0:01:45]} 35. Bb7
{[%clk 0:00:57]} Ne7 {[%clk 0:01:45]} 36. Be4 {[%clk 0:00:58]} R8d7
{[%clk 0:01:29]} 37. Re1 {[%clk 0:00:57]} Ng8 {[%clk 0:01:20]} 38. Rb1
{[%clk 0:00:56]} Ke7 {[%clk 0:01:19]} 39. Re1 {[%clk 0:00:40]} Nf6
{[%clk 0:01:19]} 40. Bf3 {[%clk 0:00:41]} Kd8 {[%clk 0:01:17]} 41. Re5
{[%clk 0:00:33]} Kc7 {[%clk 0:01:18]} 42. Ree2 {[%clk 0:00:28]} Ng8
{[%clk 0:01:11]} 43. Re3 {[%clk 0:00:29]} Ne7 {[%clk 0:01:08]} 44. Be4
{[%clk 0:00:30]} Rd8 {[%clk 0:01:03]} 45. Ree2 {[%clk 0:00:28]} R6d7
{[%clk 0:00:59]} 46. Rg2 {[%clk 0:00:24]} Nc8 {[%clk 0:00:59]} 47. Bf3
{[%clk 0:00:24]} Nd6 {[%clk 0:01:01]} 48. Be4 {[%clk 0:00:16]} Nc8
{[%clk 0:00:39]} 49. Rge2 {[%clk 0:00:17]} Ne7 {[%clk 0:00:37]} 50. Re3
{[%clk 0:00:17]} Rd6 {[%clk 0:00:39]} 51. Ree2 {[%clk 0:00:18]} R6d7
{[%clk 0:00:38]} 52. Re3 {[%clk 0:00:19]} Ng8 {[%clk 0:00:39]} 53. Ree2
{[%clk 0:00:20]} Nh6 {[%clk 0:00:40]} 54. Re1 {[%clk 0:00:19]} Ng4
{[%clk 0:00:40]} 55. Bf3 {[%clk 0:00:19]} Nf6 {[%clk 0:00:41]} 56. Ree2
{[%clk 0:00:19]} Ne8 {[%clk 0:00:41]} 57. Re1 {[%clk 0:00:20]} Kd6
{[%clk 0:00:40]} 58. Ree2 {[%clk 0:00:17]} Ke7 {[%clk 0:00:38]} 59. Bc6
{[%clk 0:00:18]} Rd6 {[%clk 0:00:38]} 60. Bxe8 {[%clk 0:00:19]} Rxe8
{[%clk 0:00:39]} 61. Re4 {[%clk 0:00:16]} Red8 {[%clk 0:00:40]} 62. b4
{[%clk 0:00:15]} cxb4 {[%clk 0:00:41]} 63. cxb4 {[%clk 0:00:17]} Rd4
{[%clk 0:00:42]} 64. bxa5 {[%clk 0:00:05]} bxa5 {[%clk 0:00:40]} 65. Re5
{[%clk 0:00:07]} Rxa4 {[%clk 0:00:33]} 66. Kd1 {[%clk 0:00:04]} Rd5
{[%clk 0:00:29]} 67. Rxd5 exd5 {[%clk 0:00:30]} 68. Ke2 {[%clk 0:00:05]} Ra1
{[%clk 0:00:29]} 69. Ke3 {[%clk 0:00:04]} Kd6 {[%clk 0:00:30]} 70. Rb2
{[%clk 0:00:05]} a4 {[%clk 0:00:31]} 71. Rb7 {[%clk 0:00:06]} Ke6
{[%clk 0:00:30]} 72. Kd4 {[%clk 0:00:06]} a3 {[%clk 0:00:27]} 73. Ra7
{[%clk 0:00:07]} a2 {[%clk 0:00:28]} 74. Ra5 {[%clk 0:00:04]} Kf6
{[%clk 0:00:27]} 75. Kxd5 {[%clk 0:00:05]} Rd1 {[%clk 0:00:28]} 76. Rxa2
{[%clk 0:00:06]} Rxd3+ {[%clk 0:00:29]} 77. Ke4 {[%clk 0:00:07]} Rxg3
{[%clk 0:00:31]} 78. Ra6+ {[%clk 0:00:09]} Kg7 {[%clk 0:00:32]} 79. Ke5
{[%clk 0:00:08]} Re3+ {[%clk 0:00:30]} 80. Kd4 {[%clk 0:00:09]} Rh3
{[%clk 0:00:31]} 81. f5 {[%clk 0:00:09]} Rxh4+ {[%clk 0:00:32]} 82. Ke5
{[%clk 0:00:10]} Rh1 {[%clk 0:00:24]} 83. f6+ {[%clk 0:00:12]} Kh6
{[%clk 0:00:24]} 84. Ra7 {[%clk 0:00:11]} Re1+ {[%clk 0:00:22]} 85. Kd5
{[%clk 0:00:12]} Kg5 {[%clk 0:00:23]} 86. Rxf7 {[%clk 0:00:12]} h4
{[%clk 0:00:24]} 87. Rf8 {[%clk 0:00:13]} Rf1 {[%clk 0:00:22]} 88. f7
{[%clk 0:00:12]} Kg4 {[%clk 0:00:16]} 89. Ke6 {[%clk 0:00:11]} g5
{[%clk 0:00:17]} 90. Ra8 {[%clk 0:00:08]} h3 {[%clk 0:00:16]} 91. Ra4+
{[%clk 0:00:03]} Kg3 {[%clk 0:00:17]} 92. Ra3+ {[%clk 0:00:05]} Kh4
{[%clk 0:00:17]} 93. Ra5 {[%clk 0:00:03]} h2 {[%clk 0:00:18]} 94. Ra8
{[%clk 0:00:04]} g4 {[%clk 0:00:15]} 0-1

[Event "Team Championship (men blitz)"]
[Site "Sochi"]
[Date "2017.10.05"]
[Round "10.16"]
[White "Gogolev, Artem"]
[Black "Gochelashvili, David"]
[Result "1-0"]
[LiveChessVersion "1.4.8"]
[BlackElo "2440"]
[WhiteElo "2330"]

1. Nf3 {[%clk 0:03:03]} g6 {[%clk 0:03:03]} 2. g3 {[%clk 0:03:03]} Bg7
{[%clk 0:03:05]} 3. Bg2 {[%clk 0:03:04]} Nf6 {[%clk 0:03:05]} 4. b3
{[%clk 0:03:05]} d6 {[%clk 0:03:05]} 5. d4 {[%clk 0:03:06]} O-O {[%clk 0:03:04]}
6. Bb2 {[%clk 0:03:07]} Nc6 {[%clk 0:02:45]} 7. O-O {[%clk 0:03:06]} e5
{[%clk 0:02:45]} 8. dxe5 {[%clk 0:03:07]} Ng4 {[%clk 0:02:44]} 9. c4
{[%clk 0:02:53]} Ngxe5 {[%clk 0:02:40]} 10. Nxe5 {[%clk 0:02:42]} dxe5
{[%clk 0:02:33]} 11. Nc3 {[%clk 0:02:29]} f5 {[%clk 0:01:57]} 12. Qxd8
{[%clk 0:02:18]} Rxd8 {[%clk 0:01:58]} 13. Bd5+ {[%clk 0:01:21]} Kf8
{[%clk 0:01:47]} 14. Nb5 {[%clk 0:01:11]} Rd7 {[%clk 0:01:34]} 15. Ba3+
{[%clk 0:01:08]} Ne7 {[%clk 0:01:24]} 16. Be6 {[%clk 0:01:06]} Rd2
{[%clk 0:00:45]} 17. Nxc7 {[%clk 0:01:03]} Bxe6 {[%clk 0:00:15]} 18. Nxa8
{[%clk 0:01:02]} e4 {[%clk 0:00:10]} 19. Rad1 {[%clk 0:00:58]} Rxa2
{[%clk 0:00:10]} 20. Nc7 {[%clk 0:00:52]} Bxc4 {[%clk 0:00:05]} 21. Bxe7+
{[%clk 0:00:51]} Kxe7 {[%clk 0:00:06]} 22. bxc4 {[%clk 0:00:52]} Rxe2
{[%clk 0:00:06]} 23. Nd5+ {[%clk 0:00:42]} Ke8 {[%clk 0:00:04]} 24. Rb1
{[%clk 0:00:41]} b6 {[%clk 0:00:03]} 25. Rfd1 {[%clk 0:00:38]} Be5
{[%clk 0:00:00]} 26. Nf4 {[%clk 0:00:38]} g5 {[%clk 0:00:00]} 27. Nxe2 1-0

[Event "Team Championship (men blitz)"]
[Site "Sochi"]
[Date "2017.10.05"]
[Round "10.17"]
[White "Fedoseev, Vladimir"]
[Black "Triapishko, Alexandr"]
[Result "1-0"]
[LiveChessVersion "1.4.8"]
[BlackElo "2396"]
[WhiteElo "2656"]

1. Nc3 {[%clk 0:03:03]} d5 {[%clk 0:03:02]} 2. e3 {[%clk 0:03:05]} Nf6
{[%clk 0:03:02]} 3. b3 {[%clk 0:03:04]} e5 {[%clk 0:03:02]} 4. Bb2
{[%clk 0:03:04]} d4 {[%clk 0:02:57]} 5. Nce2 {[%clk 0:03:05]} c5 {[%clk 0:02:56]}
6. Ng3 {[%clk 0:03:03]} a6 {[%clk 0:02:46]} 7. exd4 {[%clk 0:02:48]} cxd4
{[%clk 0:02:36]} 8. Qe2 {[%clk 0:02:49]} Nc6 {[%clk 0:02:17]} 9. f4
{[%clk 0:02:45]} Bg4 {[%clk 0:01:55]} 10. Nf3 {[%clk 0:02:45]} Bd6
{[%clk 0:01:43]} 11. fxe5 {[%clk 0:02:44]} Bxe5 {[%clk 0:01:40]} 12. Qf2
{[%clk 0:02:40]} Bxf3 {[%clk 0:01:36]} 13. gxf3 {[%clk 0:02:30]} O-O
{[%clk 0:01:31]} 14. O-O-O {[%clk 0:02:26]} Qa5 {[%clk 0:01:19]} 15. Kb1
{[%clk 0:02:25]} Rac8 {[%clk 0:01:17]} 16. a3 {[%clk 0:02:19]} Bd6
{[%clk 0:01:15]} 17. Rg1 {[%clk 0:02:00]} Bxa3 {[%clk 0:01:10]} 18. c3
{[%clk 0:01:25]} Nd5 {[%clk 0:00:48]} 19. Ne4 {[%clk 0:01:22]} f5
{[%clk 0:00:29]} 20. Qg3 {[%clk 0:01:23]} Rf7 {[%clk 0:00:19]} 21. Bc4
{[%clk 0:01:24]} Bxb2 {[%clk 0:00:10]} 22. Kxb2 {[%clk 0:01:15]} fxe4
{[%clk 0:00:09]} 23. fxe4 {[%clk 0:01:15]} Rd8 {[%clk 0:00:04]} 24. exd5
{[%clk 0:01:14]} dxc3+ {[%clk 0:00:03]} 25. dxc3 {[%clk 0:01:13]} Ne5
{[%clk 0:00:03]} 26. Qxe5 {[%clk 0:01:07]} Rf2+ {[%clk 0:00:04]} 27. Be2
{[%clk 0:01:08]} g6 {[%clk 0:00:04]} 28. Rgf1 {[%clk 0:01:04]} Rdf8
{[%clk 0:00:04]} 29. Rxf2 {[%clk 0:01:02]} Rxf2 {[%clk 0:00:05]} 30. Rf1
{[%clk 0:01:02]} 1-0

[Event "Team Championship (men blitz)"]
[Site "Sochi"]
[Date "2017.10.05"]
[Round "10.18"]
[White "Chos, Alexey"]
[Black "Sjugirov, Sanan"]
[Result "1/2-1/2"]
[LiveChessVersion "1.4.8"]
[BlackElo "2637"]
[WhiteElo "2354"]

1. e4 {[%clk 0:03:04]} g6 {[%clk 0:03:00]} 2. d4 Bg7 3. Nc3 c6 4. Be3
{[%clk 0:03:01]} d6 {[%clk 0:03:01]} 5. Qd2 {[%clk 0:03:02]} Nd7 6. f3 b5
{[%clk 0:03:00]} 7. Nce2 {[%clk 0:02:56]} c5 {[%clk 0:02:55]} 8. c3
{[%clk 0:02:57]} Bb7 {[%clk 0:02:52]} 9. d5 {[%clk 0:02:52]} a6 {[%clk 0:02:39]}
10. Ng3 h5 11. Be2 Ngf6 12. Nh3 Ne5 13. O-O Bc8 14. Ng5 O-O 15. h3
{[%clk 0:02:47]} Ned7 {[%clk 0:02:27]} 16. f4 {[%clk 0:02:44]} c4
{[%clk 0:02:19]} 17. f5 {[%clk 0:02:40]} Ne5 {[%clk 0:02:18]} 18. fxg6
{[%clk 0:02:37]} fxg6 {[%clk 0:02:19]} 19. Bd4 {[%clk 0:02:33]} Bh6
{[%clk 0:02:17]} 20. Be3 {[%clk 0:02:30]} h4 {[%clk 0:02:17]} 21. Nh1
{[%clk 0:02:28]} Bxg5 {[%clk 0:02:14]} 22. Bxg5 {[%clk 0:02:28]} Nxe4
{[%clk 0:02:16]} 23. Qe3 {[%clk 0:02:27]} Nxg5 {[%clk 0:02:15]} 24. Qxg5
{[%clk 0:02:25]} Bf5 {[%clk 0:02:02]} 25. Qxh4 {[%clk 0:02:17]} Qb6+
{[%clk 0:02:03]} 26. Kh2 {[%clk 0:02:09]} Qe3 {[%clk 0:02:03]} 27. Rae1
{[%clk 0:02:09]} Rf7 {[%clk 0:01:58]} 28. Qg3 {[%clk 0:02:04]} Qxg3+
{[%clk 0:01:57]} 29. Nxg3 {[%clk 0:02:03]} Raf8 {[%clk 0:01:51]} 30. Nxf5
{[%clk 0:01:59]} Rxf5 {[%clk 0:01:52]} 31. Rxf5 {[%clk 0:01:54]} gxf5
{[%clk 0:01:52]} 32. g3 {[%clk 0:01:50]} Kg7 {[%clk 0:01:52]} 33. Kg2
{[%clk 0:01:51]} Kf6 {[%clk 0:01:53]} 34. Rf1 {[%clk 0:01:52]} Kg6
{[%clk 0:01:46]} 35. Rf4 {[%clk 0:01:50]} Rc8 {[%clk 0:01:40]} 36. h4
{[%clk 0:01:47]} Rc5 {[%clk 0:01:40]} 37. Rd4 {[%clk 0:01:44]} a5
{[%clk 0:01:35]} 38. a3 {[%clk 0:01:44]} b4 {[%clk 0:01:34]} 39. axb4
{[%clk 0:01:41]} axb4 {[%clk 0:01:36]} 40. g4 {[%clk 0:01:40]} fxg4
{[%clk 0:01:35]} 41. Bxg4 {[%clk 0:01:40]} bxc3 {[%clk 0:01:30]} 42. bxc3
{[%clk 0:01:41]} Ra5 {[%clk 0:01:27]} 43. Be2 {[%clk 0:01:38]} Ra2
{[%clk 0:01:25]} 44. Kf1 {[%clk 0:01:38]} Ra3 {[%clk 0:01:04]} 45. Bxc4
{[%clk 0:01:36]} Rxc3 {[%clk 0:01:04]} 46. Be2 {[%clk 0:01:37]} Kf5
{[%clk 0:00:59]} 47. h5 {[%clk 0:01:36]} Kg5 {[%clk 0:00:54]} 48. Ke1
{[%clk 0:01:32]} Rh3 {[%clk 0:00:52]} 49. Kf1 {[%clk 0:01:31]} Rh2
{[%clk 0:00:52]} 50. Ra4 {[%clk 0:01:29]} Kf5 {[%clk 0:00:37]} 51. Rb4
{[%clk 0:01:26]} Kg5 {[%clk 0:00:35]} 52. Ra4 {[%clk 0:01:27]} Nf7
{[%clk 0:00:30]} 53. Rg4+ {[%clk 0:01:27]} Kf5 {[%clk 0:00:26]} 54. Rg7
{[%clk 0:01:26]} Kf6 {[%clk 0:00:26]} 55. Rg6+ {[%clk 0:01:28]} Ke5
{[%clk 0:00:24]} 56. Rg7 {[%clk 0:01:27]} Kf6 {[%clk 0:00:20]} 57. Rg6+
{[%clk 0:01:28]} Ke5 {[%clk 0:00:21]} 58. Rg7 {[%clk 0:01:29]} Kf6
{[%clk 0:00:18]} 59. Rg6+ {[%clk 0:01:29]} Ke5 {[%clk 0:00:19]} 1/2-1/2

[Event "Team Championship (men blitz)"]
[Site "Sochi"]
[Date "2017.10.05"]
[Round "10.19"]
[White "Kovalev, Vladislav"]
[Black "Jary, Sergey"]
[Result "1/2-1/2"]
[LiveChessVersion "1.4.8"]
[BlackElo "2333"]
[WhiteElo "2527"]

1. e4 {[%clk 0:03:04]} c5 {[%clk 0:03:02]} 2. Be2 {[%clk 0:03:05]} Nc6
{[%clk 0:03:02]} 3. f4 {[%clk 0:03:06]} g6 {[%clk 0:03:03]} 4. Nf3
{[%clk 0:03:07]} Bg7 5. d3 d6 {[%clk 0:03:06]} 6. O-O {[%clk 0:03:09]} Nf6
{[%clk 0:03:07]} 7. c3 {[%clk 0:03:11]} O-O 8. Kh1 Bg4 {[%clk 0:03:08]} 9. Be3
{[%clk 0:03:12]} Rc8 {[%clk 0:03:08]} 10. Nbd2 {[%clk 0:03:12]} e5
{[%clk 0:03:02]} 11. fxe5 {[%clk 0:03:03]} Bxf3 {[%clk 0:02:58]} 12. gxf3
{[%clk 0:02:20]} Nxe5 {[%clk 0:02:55]} 13. f4 {[%clk 0:02:08]} Nc6
{[%clk 0:02:52]} 14. Qe1 {[%clk 0:01:45]} Qe7 {[%clk 0:02:47]} 15. Qg3
{[%clk 0:01:41]} b5 {[%clk 0:02:43]} 16. a3 {[%clk 0:01:35]} c4 {[%clk 0:02:38]}
17. Rae1 {[%clk 0:01:24]} Na5 {[%clk 0:02:26]} 18. e5 {[%clk 0:00:53]} Nd5
{[%clk 0:02:08]} 19. d4 {[%clk 0:00:54]} dxe5 {[%clk 0:01:57]} 20. fxe5
{[%clk 0:00:55]} f6 {[%clk 0:01:49]} 21. Bg1 {[%clk 0:00:43]} fxe5
{[%clk 0:01:40]} 22. Rxf8+ {[%clk 0:00:43]} Rxf8 23. Bf3 Nf4 {[%clk 0:01:37]} 24.
Re4 {[%clk 0:00:13]} Nd3 {[%clk 0:01:28]} 25. Be2 {[%clk 0:00:12]} Nxb2
{[%clk 0:01:21]} 26. dxe5 {[%clk 0:00:12]} Nc6 {[%clk 0:00:50]} 27. e6
{[%clk 0:00:14]} Qxa3 {[%clk 0:00:49]} 28. Qc7 {[%clk 0:00:10]} Ne7
{[%clk 0:00:31]} 29. Bc5 {[%clk 0:00:11]} Qa1+ {[%clk 0:00:33]} 30. Kg2
{[%clk 0:00:10]} Nd5 {[%clk 0:00:32]} 31. Qd7 {[%clk 0:00:06]} Nf6
{[%clk 0:00:30]} 32. Qc6 {[%clk 0:00:05]} Nxe4 33. Qxe4 {[%clk 0:00:06]} 1/2-1/2

[Event "Team Championship (men blitz)"]
[Site "Sochi"]
[Date "2017.10.05"]
[Round "10.20"]
[White "Linker, Mikhail"]
[Black "Predke, Alexandr"]
[Result "0-1"]
[LiveChessVersion "1.4.8"]
[BlackElo "2528"]
[WhiteElo "2268"]

1. d4 {[%clk 0:03:03]} Nf6 {[%clk 0:03:03]} 2. c4 {[%clk 0:03:04]} e6
{[%clk 0:03:05]} 3. Nf3 {[%clk 0:03:04]} b6 4. g3 Bb7 {[%clk 0:03:07]} 5. Bg2
{[%clk 0:03:07]} Bb4+ {[%clk 0:03:08]} 6. Bd2 {[%clk 0:03:06]} a5
{[%clk 0:03:09]} 7. O-O {[%clk 0:03:06]} O-O {[%clk 0:03:10]} 8. Nc3
{[%clk 0:03:03]} d6 {[%clk 0:03:11]} 9. Qc2 {[%clk 0:02:59]} Nbd7
{[%clk 0:03:10]} 10. Rfe1 {[%clk 0:02:51]} Bxc3 {[%clk 0:03:08]} 11. Bxc3
{[%clk 0:02:51]} Be4 {[%clk 0:03:01]} 12. Qd2 {[%clk 0:02:39]} Qe7
{[%clk 0:03:01]} 13. b3 {[%clk 0:02:32]} a4 {[%clk 0:02:40]} 14. b4
{[%clk 0:02:30]} c6 {[%clk 0:02:39]} 15. a3 {[%clk 0:02:27]} b5 {[%clk 0:02:38]}
16. c5 {[%clk 0:02:12]} d5 {[%clk 0:02:35]} 17. Qb2 {[%clk 0:02:07]} h6
{[%clk 0:02:32]} 18. h4 {[%clk 0:02:05]} Rfe8 {[%clk 0:02:23]} 19. Bd2
{[%clk 0:02:05]} e5 {[%clk 0:02:17]} 20. dxe5 {[%clk 0:01:53]} Ng4
{[%clk 0:02:05]} 21. Bc3 {[%clk 0:01:43]} Ndxe5 {[%clk 0:01:54]} 22. Nxe5
{[%clk 0:01:38]} Nxe5 {[%clk 0:01:54]} 23. Bxe5 {[%clk 0:01:20]} Qxe5
{[%clk 0:01:55]} 24. Qxe5 {[%clk 0:01:21]} Rxe5 {[%clk 0:01:56]} 25. e3
{[%clk 0:01:22]} Rae8 {[%clk 0:01:50]} 26. Rad1 {[%clk 0:01:23]} Bxg2
{[%clk 0:01:42]} 27. Kxg2 {[%clk 0:01:24]} Re4 {[%clk 0:01:43]} 28. Rd3
{[%clk 0:01:09]} Rc4 {[%clk 0:01:42]} 29. Red1 {[%clk 0:01:04]} Ree4
{[%clk 0:01:41]} 30. f3 {[%clk 0:00:55]} Rc2+ {[%clk 0:01:42]} 31. Kh3
{[%clk 0:00:57]} Rec4 {[%clk 0:01:43]} 32. h5 {[%clk 0:00:48]} f5
{[%clk 0:01:37]} 33. g4 {[%clk 0:00:26]} fxg4+ {[%clk 0:01:37]} 34. fxg4
{[%clk 0:00:28]} Kf7 {[%clk 0:01:17]} 35. Kg3 {[%clk 0:00:29]} Ke6
{[%clk 0:01:16]} 36. Kf3 {[%clk 0:00:22]} Ra2 {[%clk 0:01:09]} 37. Rf1
{[%clk 0:00:19]} Rcc2 {[%clk 0:01:05]} 38. e4 {[%clk 0:00:16]} dxe4+
{[%clk 0:00:50]} 39. Kxe4 {[%clk 0:00:18]} Rd2 {[%clk 0:00:49]} 40. Rxd2 Rxd2
{[%clk 0:00:49]} 41. Rf3 {[%clk 0:00:10]} Rb2 {[%clk 0:00:44]} 42. Rf8
{[%clk 0:00:06]} Rg2 {[%clk 0:00:38]} 43. Rc8 {[%clk 0:00:04]} Kd7
{[%clk 0:00:39]} 44. Rg8 {[%clk 0:00:05]} Rxg4+ {[%clk 0:00:40]} 45. Kf3
{[%clk 0:00:06]} Rg5 {[%clk 0:00:35]} 46. Kf4 {[%clk 0:00:08]} Ke6
{[%clk 0:00:30]} 47. Rd8 {[%clk 0:00:09]} Rf5+ {[%clk 0:00:18]} 48. Ke4
{[%clk 0:00:10]} Re5+ {[%clk 0:00:18]} 49. Kf4 {[%clk 0:00:11]} Rd5
{[%clk 0:00:12]} 50. Re8+ {[%clk 0:00:11]} Kd7 {[%clk 0:00:09]} 51. Rg8
{[%clk 0:00:11]} Rxh5 {[%clk 0:00:06]} 52. Rxg7+ {[%clk 0:00:13]} Kd8
{[%clk 0:00:07]} 53. Rg6 {[%clk 0:00:13]} Kd7 {[%clk 0:00:07]} 54. Rg7+
{[%clk 0:00:15]} Ke6 {[%clk 0:00:05]} 55. Rg6+ {[%clk 0:00:15]} Kd5
{[%clk 0:00:05]} 56. Rd6+ {[%clk 0:00:16]} Kc4 {[%clk 0:00:06]} 57. Rxc6
{[%clk 0:00:17]} Rh3 {[%clk 0:00:07]} 58. Ra6 {[%clk 0:00:12]} Rxa3 59. c6 Kxb4
{[%clk 0:00:08]} 60. c7 {[%clk 0:00:11]} Rc3 {[%clk 0:00:09]} 0-1

[Event "Team Championship (men blitz)"]
[Site "Sochi"]
[Date "2017.10.05"]
[Round "10.21"]
[White "Pogromsky, Mikhail"]
[Black "Tsoi, Dmitry"]
[Result "1-0"]
[LiveChessVersion "1.4.8"]
[BlackElo "2357"]
[WhiteElo "2450"]

1. d4 {[%clk 0:03:03]} f5 {[%clk 0:03:03]} 2. Nc3 {[%clk 0:03:02]} Nf6
{[%clk 0:03:01]} 3. Bg5 {[%clk 0:03:02]} e6 {[%clk 0:02:57]} 4. e4
{[%clk 0:03:02]} fxe4 {[%clk 0:02:58]} 5. Nxe4 {[%clk 0:03:03]} Be7
{[%clk 0:02:59]} 6. Bxf6 {[%clk 0:02:45]} Bxf6 {[%clk 0:03:00]} 7. Nxf6+
{[%clk 0:02:32]} Qxf6 {[%clk 0:03:00]} 8. Nf3 {[%clk 0:02:22]} O-O
{[%clk 0:02:58]} 9. Qd2 {[%clk 0:02:15]} Nc6 {[%clk 0:02:51]} 10. O-O-O
{[%clk 0:02:12]} Qf4 {[%clk 0:02:52]} 11. Qe3 {[%clk 0:01:59]} Nb4
{[%clk 0:02:49]} 12. Bc4 {[%clk 0:01:46]} b5 {[%clk 0:02:41]} 13. Bb3
{[%clk 0:01:42]} a5 {[%clk 0:02:41]} 14. Qxf4 {[%clk 0:01:30]} Rxf4
{[%clk 0:02:41]} 15. a4 {[%clk 0:01:30]} Bb7 {[%clk 0:02:06]} 16. axb5
{[%clk 0:01:19]} a4 {[%clk 0:02:06]} 17. Bc4 {[%clk 0:01:17]} Bxf3
{[%clk 0:01:56]} 18. gxf3 {[%clk 0:01:17]} Rxf3 {[%clk 0:01:57]} 19. d5
{[%clk 0:01:14]} exd5 {[%clk 0:01:52]} 20. Rxd5 {[%clk 0:01:05]} Kh8
{[%clk 0:01:36]} 21. Rxd7 {[%clk 0:01:00]} a3 {[%clk 0:01:37]} 22. bxa3
{[%clk 0:00:59]} Rfxa3 {[%clk 0:01:37]} 23. Rhd1 {[%clk 0:00:48]} h5
{[%clk 0:01:28]} 24. Rd8+ {[%clk 0:00:45]} Rxd8 {[%clk 0:01:19]} 25. Rxd8+
{[%clk 0:00:46]} Kh7 {[%clk 0:01:20]} 26. Kb2 {[%clk 0:00:46]} Rf3
{[%clk 0:01:19]} 27. Rd2 {[%clk 0:00:38]} c6 {[%clk 0:00:58]} 28. b6
{[%clk 0:00:36]} c5 {[%clk 0:00:52]} 29. b7 {[%clk 0:00:29]} Rf8 {[%clk 0:00:53]}
30. Rd6 {[%clk 0:00:26]} Rb8 {[%clk 0:00:43]} 31. Rb6 {[%clk 0:00:27]} 1-0